00424 a2200133 4500003000500000005001700005040000900022082001500031100001500046245005500061260004300116300001500159505011600174Nust20230526114809.0 cNust a808.81,BRO aW.T.Young  aRobert Browning a Selection of poems cW.T. Young  aNew yourkbCambride unuivercityc1929 aviii,271p; aDramatic Lyrics (Page-2), Dramatic Romances (Page-57), Men and Women (Page-104), Dramatis Personae (Page-181).